Statistiques concernant Culture générale

Cliquez ici pour prendre le quiz!

Statistiques générales

  • Ce quiz a été pris 219 fois
  • Le résultat moyen est 18 sur 20

Statistiques - réponses

HintRéponse% Correct
Année de la découverte de l'Amérique1492
97%
Qui a peint la jocondeLéonard de Vinci
97%
Année de la proclamation de l'URSS1922
96%
Qui a écrit J'accuseÉmile Zola
96%
Plus grand pays du mondeRussie
96%
Président de la République populaire de ChineXi Jinping
96%
Capitale de la Nouvelle-ZélandeWellington
94%
Pays commençant par la lettre yYemen
94%
Le département français n°74Haute-savoie
93%
Joueur de tennis avec le plus de titre du grand chelemNovak Djokovic
93%
Capitale de la CroatieZagreb
93%
Premier empereur romainAuguste
92%
Traités mettant fin a la guerre de 30 ansTraités de Westphalie
92%
Président français pendant la 1er guerre mondialeRaymond
Poincaré
91%
L'altitude du plus haut sommet d'Europe4810
89%
Milliardaire né en Afrique du SudElon musk
89%
Premier vainqueur de la coupe du mondeUruguay
81%
Dans quel pays se situe la merveille du monde : Chichén ItzáMexique
79%
Lieu des JO d'hiver de 1924Chamonix
74%
Quel pays a le plus de fuseau horaireFrance
51%

Distribution des résultats

Percentile par nombre de réponses

% des personnes avec chaque résultat

Votre développement - résultats

Vous n’avez pas pris ce quiz